000 00686nam a2200289Ia 4500
005 20260324125237.0
008 008 260324s9999 xx 000 0 eng d
020 _a9780203893067
037 _aEBOOK
040 _aCRL
040 _beng
040 _cCRL
041 _2eng
041 _aeng
084 _qCRL
100 _aDave Hill
_91146593
245 0 _aContesting Neoliberal Education
245 0 _bPublic Resistance and Collective Advance
260 _bTaylor and Francis
260 _c2009
365 _a
365 _b240
856 _uhttp://www.taylorfrancis.com/books/9780203893067
942 _cEBOOK
999 _c1772316
_d1772316